000 00841nam a2200217Ii 4500
003 JO-AjNU
008 230605s9999||||xx |||||||||||||| ||und||
017 _a1989/9/609
040 _aJO-AjNU
_bara
_erda
_cJO-AjNU
041 _aara
050 1 4 _aPJ7561.M8384 1989
100 3 _aالمغيض، تركي,
_eauthor
_947689
245 0 0 _aصدى الثورة العربية الكبرى في الشعر
264 3 1 _aعمان:وزارة الشباب،1989
300 _a152ص
336 _atext
_btxt
_2rdacontent
337 _aunmediated
_bn
_2rdamedia
338 _avolume
_bnc
_2rdacarrier
490 0 _aسلسلة التثقيف الشبابي(14) تصدرها وزارة الشباب في المملكة الأردنية الهاشمية
650 4 _aالشعر العربي-تاريخ-الثورة العربية الكبرى
_947690
999 _aA20836
_c24404
_d24404